[Event "Lueneburg distr-ch Seniors"]
[Site "Tostedt"]
[Date "2015.10.25"]
[Round "7.2"]
[White "Bierwald, Martin"]
[Black "Boettger, Reiner"]
[Result "0-1"]
[WhiteElo "1348"]
[BlackElo "1729"]
[PlyCount "68"]
[EventDate "2015.10.19"]
[EventType "swiss"]
[EventRounds "7"]
[EventCountry "GER"]
[SourceTitle "EXT 2019"]
[Source "ChessBase"]
[SourceDate "2018.10.10"]
[SourceVersion "1"]
[SourceVersionDate "2018.10.10"]
[SourceQuality "1"]

1. e4 c5 2. Nc3 Nc6 3. g3 g6 4. Bg2 Bg7 5. d3 b6 6. Be3 Bb7 7. f4 e6 8. Nf3 Nge7 9. 0-0 0-0 10. Rb1 Qc7 11. Qd2 Rfd8 12. a3 a6 13. Qe2 d5 14. exd5 exd5 15. Nd1 Re8 16. Qd2 Rad8 17. c3 Nf5 18. Re1 Nxe3 19. Nxe3 d4 20. cxd4 Nxd4 21. Nxd4 Bxd4 22. Kf1 Bxg2+ 23. Kxg2 Qc6+ 24. Kf2 Re7 25. Re2 Red7 26. Rc1 Bg7 27. Rd1 Rxd3 28. Qxd3 Rxd3 29. Rxd3 Bd4 30. Ke1 Qe4 31. Rb3 b5 32. Nd1 Qd5 33. Rd3 c4 34. Rdd2 Qh1# 0-1

[Event "Lueneburg distr-ch Seniors"]
[Site "Tostedt"]
[Date "2015.10.24"]
[Round "6.1"]
[White "Pillmann, Gerhard"]
[Black "Boettger, Reiner"]
[Result "1/2-1/2"]
[WhiteElo "1411"]
[BlackElo "1729"]
[PlyCount "80"]
[EventDate "2015.10.19"]
[EventType "swiss"]
[EventRounds "7"]
[EventCountry "GER"]
[SourceTitle "EXT 2019"]
[Source "ChessBase"]
[SourceDate "2018.10.10"]
[SourceVersion "1"]
[SourceVersionDate "2018.10.10"]
[SourceQuality "1"]

1. d4 Nf6 2. Nc3 d5 3. g3 b6 4. Bg2 Bb7 5. Nf3 e6 6. 0-0 c5 7. Bg5 cxd4 8. Nxd4 Be7 9. Re1 Nbd7 10. e4 Nxe4 11. Bxe7 Nxc3 12. bxc3 Qxe7 13. c4 Nf6 14. cxd5 Bxd5 15. Bxd5 Nxd5 16. Nf5 Qc5 17. Nxg7+ Kf8 18. Nxe6+ fxe6 19. Rxe6 Kf7 20. Re5 Rhd8 21. Qh5+ Kg7 22. Rg5+ Kh8 23. Re1 Qc3 24. Ree5 Nf6 25. Qf7 Rd1+ 26. Kg2 Qc6+ 27. f3 Rd2+ 28. Kg1 Rg8 29. Rxg8+ Nxg8 30. Rg5 Rd1+ 31. Kg2 Qxc2+ 32. Kh3 Qc8+ 33. g4 Rd7 34. Rxg8+ Qxg8 35. Qxd7 Qxa2 36. Qe8+ Kg7 37. Kg3 Qa3 38. Qe5+ Kf7 39. Qf5+ Kg8 40. Qg5+ Kf7 1/2-1/2

[Event "Lueneburg distr-ch Seniors"]
[Site "Tostedt"]
[Date "2015.10.23"]
[Round "5.2"]
[White "Boettger, Reiner"]
[Black "Schallueck, Hans Christian"]
[Result "1-0"]
[WhiteElo "1729"]
[BlackElo "1576"]
[PlyCount "73"]
[EventDate "2015.10.19"]
[EventType "swiss"]
[EventRounds "7"]
[EventCountry "GER"]
[SourceTitle "EXT 2019"]
[Source "ChessBase"]
[SourceDate "2018.10.10"]
[SourceVersion "1"]
[SourceVersionDate "2018.10.10"]
[SourceQuality "1"]

1. e4 d5 2. exd5 Qxd5 3. Nc3 Qa5 4. d4 Nf6 5. Bc4 Bf5 6. Nge2 e6 7. Bd2 c6 8. Nd5 Qd8 9. Ne3 Bg6 10. 0-0 Nbd7 11. Bb3 h6 12. c4 Be7 13. Nf4 Bh7 14. Bc2 Bxc2 15. Qxc2 Qc7 16. g3 g5 17. Nfg2 0-0-0 18. Bc3 h5 19. f4 gxf4 20. Rxf4 Bd6 21. Rf3 Rdg8 22. Kh1 Ng4 23. c5 Nxe3 24. Nxe3 Bxg3 25. hxg3 Rxg3 26. Qf2 h4 27. d5 Ne5 28. d6 Rxf3 29. Qxf3 Nxf3 30. dxc7 Rh7 31. Rf1 Ng5 32. Be5 Ne4 33. Kh2 Nxc5 34. Rg1 Na6 35. Rg8+ Kd7 36. Rd8+ Ke7 37. c8Q 1-0

[Event "Lueneburg distr-ch Seniors"]
[Site "Tostedt"]
[Date "2015.10.22"]
[Round "4.1"]
[White "Kleinschmidt, Norbert"]
[Black "Boettger, Reiner"]
[Result "1-0"]
[WhiteElo "1669"]
[BlackElo "1729"]
[PlyCount "121"]
[EventDate "2015.10.19"]
[EventType "swiss"]
[EventRounds "7"]
[EventCountry "GER"]
[SourceTitle "EXT 2019"]
[Source "ChessBase"]
[SourceDate "2018.10.10"]
[SourceVersion "1"]
[SourceVersionDate "2018.10.10"]
[SourceQuality "1"]

1. d4 Nf6 2. Bg5 Ne4 3. Bh4 d5 4. f3 Nd6 5. e3 Nd7 6. Bd3 c5 7. c3 Qb6 8. Qc1 e5 9. Bf2 e4 10. Bc2 Be7 11. Ne2 f5 12. Nf4 Nf6 13. Bh4 Qc6 14. Bxf6 Bxf6 15. dxc5 Qxc5 16. Bb3 exf3 17. gxf3 Bh4+ 18. Kf1 Nc4 19. Ke2 Bg5 20. Bxc4 Bxf4 21. Bd3 Bh6 22. b4 Qb6 23. a4 0-0 24. f4 Re8 25. Kf3 Bd7 26. a5 Qg6 27. Qg1 Qh5+ 28. Kf2 Re6 29. Be2 Qe8 30. Qg3 Rg6 31. Bh5 Qe4 32. Qf3 Qc2+ 33. Qe2 Qxe2+ 34. Bxe2 Re8 35. Bh5 Rge6 36. Bxe8 Bxe8 37. Nd2 Bc6 38. Nf3 g6 39. Nd4 Rd6 40. h4 Bd7 41. Rag1 Bg7 42. h5 Kf7 43. hxg6+ hxg6 44. Rc1 a6 45. Ke2 Rf6 46. Nf3 Bb5+ 47. Kd2 Rd6 48. Rh7 Kg8 49. Rch1 Be8 50. R7h3 Bf7 51. Nd4 Kf8 52. Nb3 Rc6 53. Nc5 Rc7 54. Rc1 Kg8 55. Nb3 Kf8 56. Nd4 Kg8 57. Rhh1 Kf8 58. Rb1 Bxd4 59. exd4 Be8 60. Rh8+ Ke7 61. Re1+ 1-0

[Event "Niedersachsen-ch Seniors 47th"]
[Site "Sottrum"]
[Date "2013.03.13"]
[Round "5"]
[White "Grimm, Uwe"]
[Black "Boettger, Reiner"]
[Result "1-0"]
[WhiteElo "2116"]
[BlackElo "2014"]
[PlyCount "63"]
[EventDate "2013.03.09"]
[EventType "swiss"]
[EventRounds "7"]
[EventCountry "GER"]
[SourceTitle "EXT 2023"]
[Source "ChessBase"]
[SourceDate "2022.10.05"]
[SourceVersion "1"]
[SourceVersionDate "2022.10.05"]
[SourceQuality "1"]

1. f4 Nf6 2. Nf3 d5 3. e3 Bg4 4. b3 g6 5. Bb2 Bg7 6. Be2 0-0 7. 0-0 e6 8. d3 c5 9. Nbd2 Nc6 10. Ne5 Bxe2 11. Qxe2 Qc7 12. Kh1 d4 13. Nxc6 dxe3 14. Nc4 Qxc6 15. Nxe3 Rfd8 16. Rf3 Qc7 17. Be5 Qa5 18. a4 Nd5 19. Nc4 Qb4 20. Raf1 Bxe5 21. fxe5 Rd7 22. Qf2 Rf8 23. Qh4 Qc3 24. Qg5 Kg7 25. Rh3 f5 26. exf6+ Rxf6 27. Rg1 Rdf7 28. Qe5 Qxc2 29. Nd6 Rf8 30. Ne4 Qe2 31. Rxh7+ Kxh7 32. Nxf6+ 1-0

[Event "Niedersachsen-ch Seniors 45th"]
[Site "Sottrum"]
[Date "2011.05.04"]
[Round "5"]
[White "Hoose, Hannelore"]
[Black "Boettger, Reiner"]
[Result "0-1"]
[WhiteElo "1758"]
[BlackElo "2055"]
[PlyCount "106"]
[EventDate "2011.04.30"]
[EventType "swiss"]
[EventRounds "9"]
[EventCountry "GER"]
[SourceTitle "EXT 2023"]
[Source "ChessBase"]
[SourceDate "2022.10.05"]
[SourceVersion "1"]
[SourceVersionDate "2022.10.05"]
[SourceQuality "1"]

1. e4 c5 2. f4 d6 3. Be2 Nc6 4. Nf3 g6 5. c3 Nf6 6. e5 dxe5 7. Nxe5 Nxe5 8. fxe5 Nd5 9. d4 e6 10. Bb5+ Bd7 11. Qa4 Qh4+ 12. Kf1 Nb6 13. Bxd7+ Nxd7 14. Qc4 a6 15. Be3 Nxe5 16. Qe2 Nd7 17. Nd2 Be7 18. Bf2 Qf4 19. Nf3 0-0 20. Re1 Qf5 21. h3 Rac8 22. Ne5 Nxe5 23. Qxe5 Qxe5 24. Rxe5 cxd4 25. Bxd4 Rfd8 26. Re4 Bc5 27. Bxc5 Rxc5 28. Kf2 Rd2+ 29. Re2 Rcd5 30. Rhe1 Rf5+ 31. Kg1 Rxe2 32. Rxe2 Rd5 33. Kf2 Kf8 34. c4 Rd4 35. b3 Ke7 36. Ke3 Rd1 37. Rd2 Rxd2 38. Kxd2 Kd6 39. Kd3 f5 40. a3 a5 41. b4 b6 42. Ke3 g5 43. g4 h6 44. Kd4 a4 45. Ke3 Ke5 46. gxf5 exf5 47. Kf3 h5 48. Kf2 Kd4 49. c5 bxc5 50. b5 Kd5 51. Ke3 f4+ 52. Kf3 c4 53. h4 g4+ 0-1

[Event "Niedersachsen-ch Seniors 45th"]
[Site "Sottrum"]
[Date "2011.05.03"]
[Round "4"]
[White "Boettger, Reiner"]
[Black "Zotin, Vladimir"]
[Result "1-0"]
[WhiteElo "2055"]
[BlackElo "1925"]
[PlyCount "51"]
[EventDate "2011.04.30"]
[EventType "swiss"]
[EventRounds "9"]
[EventCountry "GER"]
[SourceTitle "EXT 2023"]
[Source "ChessBase"]
[SourceDate "2022.10.05"]
[SourceVersion "1"]
[SourceVersionDate "2022.10.05"]
[SourceQuality "1"]

1. e4 g6 2. d4 Bg7 3. f4 d5 4. e5 Bf5 5. Bd3 Nh6 6. Nf3 0-0 7. 0-0 b6 8. h3 c5 9. c3 Nc6 10. Bb5 Na5 11. g4 Bc8 12. Be3 a6 13. Bd3 c4 14. Bc2 Nc6 15. Qd2 f6 16. f5 g5 17. e6 Qd6 18. Kg2 b5 19. Nxg5 fxg5 20. Bxg5 Nxf5 21. gxf5 Bf6 22. Bf4 Qd8 23. Bh6 Re8 24. Kh1 Rb8 25. Qe3 Qa5 26. Qg3+ 1-0

[Event "Mecklenburg VP-ch Seniors op 08th"]
[Site "Plau am See"]
[Date "2008.10.06"]
[Round "1"]
[White "Boettger, Reiner"]
[Black "Moeller, Albrecht"]
[Result "1-0"]
[WhiteElo "1883"]
[BlackElo "1623"]
[PlyCount "41"]
[EventDate "2008.10.06"]
[EventType "swiss"]
[EventRounds "9"]
[EventCountry "GER"]
[SourceTitle "EXT 2022"]
[Source "ChessBase"]
[SourceDate "2021.10.06"]
[SourceVersion "1"]
[SourceVersionDate "2021.10.06"]
[SourceQuality "1"]

1. e4 e5 2. Nf3 Nc6 3. Bb5 f5 4. d3 fxe4 5. dxe4 d6 6. Be3 Nf6 7. Nbd2 Be7 8. Qe2 Bd7 9. h3 h6 10. Nh4 0-0 11. Ng6 Re8 12. Bc4+ Kh7 13. Bf7 Nb4 14. Qc4 d5 15. exd5 b5 16. Qb3 a5 17. c4 a4 18. Qc3 bxc4 19. Qxc4 Bd6 20. 0-0 Nfxd5 21. Qe4 1-0

[Event "Niedersachsen-ch Seniors 42th"]
[Site "Sottrum"]
[Date "2008.04.15"]
[Round "6"]
[White "Stecklina, Otto"]
[Black "Boettger, Reiner"]
[Result "1-0"]
[WhiteElo "1800"]
[BlackElo "1905"]
[PlyCount "41"]
[EventDate "2008.04.10"]
[EventType "swiss"]
[EventRounds "9"]
[EventCountry "GER"]
[SourceTitle "EXT 2022"]
[Source "ChessBase"]
[SourceDate "2021.10.06"]
[SourceVersion "1"]
[SourceVersionDate "2021.10.06"]
[SourceQuality "1"]

1. d4 Nf6 2. c4 e6 3. Nc3 Bb4 4. e3 0-0 5. Nf3 b6 6. Bd3 Bb7 7. 0-0 c5 8. a3 cxd4 9. exd4 Bxc3 10. bxc3 Nc6 11. Bg5 h6 12. Bh4 Rc8 13. Re1 Na5 14. Ne5 g5 15. Bg3 d6 16. Ng4 Nxg4 17. Qxg4 Nxc4 18. Rxe6 fxe6 19. Qxe6+ Kg7 20. Qg6+ Kh8 21. Qh7# 1-0

[Event "Staufer Seniors op 13th"]
[Site "Schwaebisch Gmuend"]
[Date "2008.01.05"]
[Round "8"]
[White "Szenetra, Werner"]
[Black "Boettger, Reiner"]
[Result "0-1"]
[WhiteElo "2239"]
[BlackElo "2035"]
[PlyCount "90"]
[EventDate "2008.01.02"]
[EventType "swiss"]
[EventRounds "9"]
[EventCountry "GER"]
[SourceTitle "CBM 122 Extra"]
[Source "ChessBase"]
[SourceDate "2008.03.04"]
[SourceVersion "1"]
[SourceVersionDate "2008.03.04"]
[SourceQuality "1"]

1. Nf3 Nf6 2. g3 b6 3. Bg2 Bb7 4. 0-0 c5 5. d3 e6 6. Nc3 Be7 7. e4 d6 8. Re1 0-0 9. a3 a6 10. h3 Nbd7 11. a4 Qc7 12. Nh2 Rfe8 13. f4 Rad8 14. g4 h6 15. g5 hxg5 16. fxg5 Nh7 17. Qh5 Ndf8 18. h4 Ng6 19. Rf1 d5 20. Bd2 Bd6 21. Nf3 Bf4 22. exd5 Bxd2 23. Nxd2 Nf4 24. Qg4 Nxg2 25. Qxg2 exd5 26. Rf2 Re3 27. Nf1 Re6 28. Ng3 Rde8 29. Raf1 R6e7 30. Nf5 Re1 31. Nh6+ Kh8 32. Nxf7+ Kg8 33. g6 Rxf1+ 34. Rxf1 Nf6 35. Nh6+ Kh8 36. Rxf6 gxf6 37. Nf5 Qf4 38. Qf2 Qg4+ 39. Kh2 d4 40. Nd6 Re6 41. Nce4 Bxe4 42. Nxe4 f5 43. g7+ Kxg7 44. Ng3 Qxh4+ 45. Kg2 Rg6 0-1

[Event "Niedersachsen-ch Seniors 41st"]
[Site "Sottrum"]
[Date "2007.03.27"]
[Round "6"]
[White "Boettger, Reiner"]
[Black "Jentsch, Dieter"]
[Result "0-1"]
[WhiteElo "1875"]
[BlackElo "2075"]
[PlyCount "138"]
[EventDate "2007.03.22"]
[EventType "swiss"]
[EventRounds "9"]
[EventCountry "GER"]
[SourceTitle "EXT 2022"]
[Source "ChessBase"]
[SourceDate "2021.10.06"]
[SourceVersion "1"]
[SourceVersionDate "2021.10.06"]
[SourceQuality "1"]

1. e4 e6 2. d4 d5 3. Nd2 c5 4. exd5 Qxd5 5. Ngf3 cxd4 6. Bc4 Qd6 7. 0-0 Nc6 8. Nb3 e5 9. Ng5 Nh6 10. f4 f6 11. fxe5 Nxe5 12. Ne4 Qc6 13. Bd3 Bg4 14. Qe1 0-0-0 15. Bxh6 gxh6 16. Nxf6 Nf3+ 17. gxf3 Bh3 18. Qe5 Bd6 19. Bf5+ Kb8 20. Qa5 Bc7 21. Qc5 Bd6 22. Qa5 Bxf5 23. Qxf5 Rhf8 24. Qe4 Rxf6 25. Rad1 Qb6 26. Kh1 Rf4 27. Qd3 Rh4 28. Rd2 Bf4 29. Rg2 Qd6 30. Rd1 Bxh2 31. Rg4 Rxg4 32. fxg4 Be5 33. Qe4 Qf6 34. Kg1 Rf8 35. Qg2 Bf4 36. Nc5 Be3+ 37. Kh1 Qh4+ 38. Qh2+ Qxh2+ 39. Kxh2 Rf2+ 40. Kg3 Rxc2 41. Nd3 Kc7 42. Kf3 Kd6 43. Ke4 Rc7 44. Nb4 Re7+ 45. Kd3 Ke5 46. Rf1 Rg7 47. Nc2 Rxg4 48. Rf7 Rg2 49. Nxe3 dxe3 50. Rxb7 e2 51. Kd2 a6 52. Rxh7 Rh2 53. Ra7 h5 54. Rxa6 h4 55. Ra8 h3 56. Re8+ Kf6 57. a4 Rg2 58. Rh8 h2 59. b4 e1Q+ 60. Kxe1 Rg1+ 61. Kd2 h1Q 62. Rxh1 Rxh1 63. Kc3 Ke6 64. Kc4 Kd6 65. Kb5 Kc7 66. a5 Kb7 67. Ka4 Kc6 68. b5+ Kc5 69. b6 Ra1+ 0-1

[Event "Niedersachsen-ch Seniors 41st"]
[Site "Sottrum"]
[Date "2007.03.26"]
[Round "5"]
[White "Habermann, Arno"]
[Black "Boettger, Reiner"]
[Result "1-0"]
[WhiteElo "1995"]
[BlackElo "1875"]
[PlyCount "49"]
[EventDate "2007.03.22"]
[EventType "swiss"]
[EventRounds "9"]
[EventCountry "GER"]
[SourceTitle "EXT 2022"]
[Source "ChessBase"]
[SourceDate "2021.10.06"]
[SourceVersion "1"]
[SourceVersionDate "2021.10.06"]
[SourceQuality "1"]

1. e4 c5 2. Nf3 d6 3. d4 cxd4 4. Nxd4 Nf6 5. Nc3 g6 6. Be3 Bg7 7. f3 0-0 8. Qd2 Nc6 9. Bc4 Bd7 10. 0-0-0 Ne5 11. Bb3 Rc8 12. h4 Nc4 13. Bxc4 Rxc4 14. Kb1 Re8 15. h5 Nxh5 16. g4 Nf6 17. Nd5 Nxd5 18. exd5 Qb6 19. Nb3 Qc7 20. Qh2 f5 21. Qxh7+ Kf7 22. Rh6 Rg8 23. Rxg6 Qc8 24. Bh6 Qf8 25. Re1 1-0

[Event "Niedersachsen-ch Seniors 41st"]
[Site "Sottrum"]
[Date "2007.03.22"]
[Round "1"]
[White "Piehl, Reinhard"]
[Black "Boettger, Reiner"]
[Result "0-1"]
[WhiteElo "1786"]
[BlackElo "1875"]
[PlyCount "61"]
[EventDate "2007.03.22"]
[EventType "swiss"]
[EventRounds "9"]
[EventCountry "GER"]
[SourceTitle "EXT 2022"]
[Source "ChessBase"]
[SourceDate "2021.10.06"]
[SourceVersion "1"]
[SourceVersionDate "2021.10.06"]
[SourceQuality "1"]

1. d4 Nf6 2. c4 e6 3. Nc3 Bb4 4. Bg5 h6 5. Bh4 c5 6. d5 g5 7. Bg3 Qa5 8. Be5 Qd8 9. dxe6 fxe6 10. Qd3 Kf7 11. Nf3 Nc6 12. h4 g4 13. h5 Rg8 14. Bxf6 Qxf6 15. Nd2 Qd4 16. Qg3 Qe5 17. Qxe5 Nxe5 18. Rc1 b6 19. a3 Ba5 20. Nb5 Ke7 21. e4 Bb7 22. Nc3 Rad8 23. Be2 d5 24. cxd5 exd5 25. f4 gxf3 26. gxf3 dxe4 27. fxe4 Rd4 28. b4 cxb4 29. Nb5 Rd7 30. Nb3 Bxe4 31. a4 0-1

[Event "GER-ch Seniors 18th"]
[Site "Dresden"]
[Date "2006.07.27"]
[Round "6"]
[White "Baudner, Giselbert"]
[Black "Boettger, Reiner"]
[Result "0-1"]
[WhiteElo "1760"]
[BlackElo "1876"]
[PlyCount "50"]
[EventDate "2006.07.22"]
[EventType "swiss"]
[EventRounds "9"]
[EventCountry "GER"]
[SourceTitle "EXT 2022"]
[Source "ChessBase"]
[SourceDate "2021.10.06"]
[SourceVersion "1"]
[SourceVersionDate "2021.10.06"]
[SourceQuality "1"]

1. e4 c5 2. Nf3 d6 3. d4 cxd4 4. Nxd4 Nf6 5. Nc3 g6 6. Be2 Bg7 7. Be3 0-0 8. f3 Nc6 9. Qd2 d5 10. exd5 Nxd5 11. Nxc6 bxc6 12. Bd4 Bxd4 13. Qxd4 Qa5 14. 0-0 Nxc3 15. bxc3 Bf5 16. Rfc1 Rfd8 17. Qe3 Rd6 18. a4 Rad8 19. Ra2 Re6 20. Qf2 Rd2 21. Re1 Bd3 22. cxd3 Rxa2 23. Qf1 Qxc3 24. h3 Qd4+ 25. Kh1 Qe3 0-1

[Event "GER-ch Seniors 18th"]
[Site "Dresden"]
[Date "2006.07.26"]
[Round "5"]
[White "Boettger, Reiner"]
[Black "Morgner, Siegfried"]
[Result "1-0"]
[WhiteElo "1876"]
[BlackElo "1672"]
[PlyCount "71"]
[EventDate "2006.07.22"]
[EventType "swiss"]
[EventRounds "9"]
[EventCountry "GER"]
[SourceTitle "EXT 2022"]
[Source "ChessBase"]
[SourceDate "2021.10.06"]
[SourceVersion "1"]
[SourceVersionDate "2021.10.06"]
[SourceQuality "1"]

1. e4 d6 2. d4 g6 3. f4 Bg7 4. Nf3 Nf6 5. Nc3 0-0 6. Be3 c6 7. Qd2 b5 8. a3 Bb7 9. Bd3 a6 10. h3 Nbd7 11. e5 Ne8 12. 0-0 c5 13. Be4 Bxe4 14. Nxe4 cxd4 15. Nxd4 Qc7 16. e6 Bxd4 17. exf7+ Rxf7 18. Bxd4 h6 19. c3 Nef6 20. Ng3 Nc5 21. Qc2 Rg7 22. Rae1 Rf8 23. Re2 Ncd7 24. Rfe1 e5 25. fxe5 dxe5 26. Bxe5 Nxe5 27. Rxe5 Nd7 28. R5e3 Qb6 29. Qb3+ Kh7 30. Qe6 Qa7 31. Kh1 Rgf7 32. Rd1 Nc5 33. Qd6 Rd7 34. Qxd7+ Nxd7 35. Re7+ Kg8 36. Rdxd7 1-0

[Event "Niedersachsen-ch Seniors op 09th"]
[Site "Bad Bevensen"]
[Date "2006.06.29"]
[Round "6"]
[White "Boettger, Reiner"]
[Black "Kampfrath, Siegfried"]
[Result "1-0"]
[WhiteElo "1847"]
[BlackElo "1596"]
[PlyCount "53"]
[EventDate "2006.06.24"]
[EventType "swiss"]
[EventRounds "9"]
[EventCountry "GER"]
[SourceTitle "EXT 2022"]
[Source "ChessBase"]
[SourceDate "2021.10.06"]
[SourceVersion "1"]
[SourceVersionDate "2021.10.06"]
[SourceQuality "1"]

1. e4 c5 2. Nf3 d6 3. d4 cxd4 4. Nxd4 g6 5. Nc3 Bg7 6. Be3 Nf6 7. Bc4 0-0 8. f3 Nc6 9. Qd2 Na5 10. Be2 Bd7 11. h4 Rc8 12. g4 Ne8 13. g5 Nc4 14. Bxc4 Rxc4 15. h5 Nc7 16. hxg6 fxg6 17. 0-0-0 Rxd4 18. Bxd4 Bxd4 19. Qxd4 Rxf3 20. e5 Rh3 21. exd6 exd6 22. Qxd6 Rxh1 23. Rxh1 Qxg5+ 24. Kb1 Bg4 25. Ne4 Qf5 26. Qd8+ Kg7 27. Qxc7+ 1-0

[Event "Niedersachsen-ch Seniors 39th"]
[Site "Wingst"]
[Date "2005.03.10"]
[Round "8"]
[White "Boettger, Reiner"]
[Black "Fritsch, Juergen"]
[Result "0-1"]
[WhiteElo "2081"]
[BlackElo "2033"]
[PlyCount "92"]
[EventDate "2005.03.03"]
[EventType "swiss"]
[EventRounds "9"]
[EventCountry "GER"]
[SourceTitle "EXT 2006"]
[Source "ChessBase"]
[SourceDate "2005.11.24"]
[SourceVersion "1"]
[SourceVersionDate "2005.11.24"]
[SourceQuality "1"]

1. e4 d5 2. exd5 Qxd5 3. Nc3 Qd8 4. d4 g6 5. Bc4 Nh6 6. Bf4 Nf5 7. Nd5 Nd6 8. Be5 f6 9. Bxd6 Qxd6 10. c3 c6 11. Ne3 Bh6 12. Qe2 b5 13. Bb3 a5 14. Nf3 a4 15. Bc2 0-0 16. 0-0 a3 17. b4 Be6 18. Rfe1 Ra7 19. Nd2 Bd5 20. Nxd5 cxd5 21. Nb3 Rc8 22. Nc5 e5 23. Qxb5 Bd2 24. dxe5 fxe5 25. Red1 Bxc3 26. Ne4 Qxb4 27. Qxd5+ Kg7 28. Qe6 Rc6 29. Nd6 Rxd6 30. Rxd6 Bxa1 31. Qf6+ Kh6 32. h4 Qf4 33. Qd8 Rf7 34. Bb3 Qxf2+ 35. Kh2 Qf4+ 36. Kh1 Rf8 37. Qe7 Rc8 38. Bd1 e4 39. Re6 Rc1 40. Qd8 Be5 41. Rxe5 Rxd1+ 42. Qxd1 Qxe5 43. Qd8 Qf4 44. g4 Nc6 45. Qg5+ Qxg5 46. hxg5+ Kxg5 0-1

[Event "Niedersachsen-ch Seniors 39th"]
[Site "Wingst"]
[Date "2005.03.04"]
[Round "2"]
[White "Boettger, Reiner"]
[Black "Pundt, Wilfried"]
[Result "1-0"]
[WhiteElo "2081"]
[BlackElo "1874"]
[PlyCount "77"]
[EventDate "2005.03.03"]
[EventType "swiss"]
[EventRounds "9"]
[EventCountry "GER"]
[SourceTitle "EXT 2006"]
[Source "ChessBase"]
[SourceDate "2005.11.24"]
[SourceVersion "1"]
[SourceVersionDate "2005.11.24"]
[SourceQuality "1"]

1. e4 e5 2. Nf3 Nc6 3. Bb5 f5 4. Nc3 fxe4 5. Nxe4 d5 6. Nxe5 dxe4 7. Qh5+ g6 8. Nxg6 Nf6 9. Bxc6+ bxc6 10. Qe5+ Kf7 11. Nxh8+ Kg7 12. b3 Kxh8 13. Bb2 Bg7 14. Qg5 Qd5 15. Qh4 Qf5 16. 0-0-0 Qg6 17. h3 Bb7 18. Rde1 c5 19. c4 Re8 20. Re3 Nh5 21. Bxg7+ Nxg7 22. Rg3 Qe6 23. Qg5 Nf5 24. Rg4 Qe5 25. Kc2 Nd4+ 26. Kd1 Qxg5 27. Rxg5 Ne6 28. Rg3 Nf4 29. Re1 Bc6 30. Ree3 Nd3 31. f3 exf3 32. Rxe8+ Bxe8 33. Rxf3 Bg6 34. Rf8+ Kg7 35. Rc8 Be4 36. Rxc7+ Kf6 37. Ke2 Nf4+ 38. Ke3 Ne6 39. Re7 1-0

[Event "GER North-ch Seniors 7th"]
[Site "Bad Bevensen"]
[Date "2004.06.23"]
[Round "5"]
[White "Boettger, Reiner"]
[Black "Neese, Hans Joachim"]
[Result "0-1"]
[WhiteElo "2077"]
[BlackElo "2138"]
[PlyCount "124"]
[EventDate "2004.06.19"]
[EventType "swiss"]
[EventRounds "9"]
[EventCountry "GER"]
[SourceTitle "EXT 2006"]
[Source "ChessBase"]
[SourceDate "2005.11.24"]
[SourceVersion "1"]
[SourceVersionDate "2005.11.24"]
[SourceQuality "1"]

1. e4 c5 2. Nf3 d6 3. d4 cxd4 4. Nxd4 Nf6 5. Nc3 a6 6. Be2 b5 7. a3 Bb7 8. f3 Nbd7 9. Be3 e6 10. Qd2 Rc8 11. 0-0-0 Qc7 12. g4 Ne5 13. g5 Nfd7 14. h4 Nc4 15. Bxc4 Qxc4 16. h5 Be7 17. Kb1 Rf8 18. Rhg1 g6 19. hxg6 hxg6 20. Rh1 b4 21. axb4 Qxb4 22. Rh4 Ne5 23. Na2 Qxd2 24. Bxd2 Nc4 25. Bc1 d5 26. Nc3 e5 27. Nde2 d4 28. Nd5 Bxd5 29. exd5 f6 30. gxf6 Rxf6 31. Rh8+ Bf8 32. Rd3 Rc5 33. c3 Rxd5 34. cxd4 exd4 35. Rxd4 Rxd4 36. Nxd4 Kd7 37. Kc2 Bc5 38. Nb3 Bb6 39. f4 Ne3+ 40. Kd3 Rd6+ 41. Ke4 Nf5 42. Ra8 Bg1 43. Rg8 Kc6 44. Rh8 Kb5 45. Rh3 a5 46. Rd3 a4 47. Rxd6 Nxd6+ 48. Kd5 Nf5 49. Na1 Bc5 50. Nc2 Ne7+ 51. Ke6 Kc4 52. Na1 Kd3 53. Kf6 Ke2 54. b3 a3 55. Nc2 a2 56. Bb2 Kd3 57. Na1 Nd5+ 58. Kxg6 Nxf4+ 59. Kf5 Ne2 60. Bg7 Bd4 61. Bxd4 Nxd4+ 62. Ke5 Nc2 0-1

[Event "Niedersachsen-ch Seniors 38th"]
[Site "Wingst"]
[Date "2004.03.17"]
[Round "2"]
[White "Boettger, Reiner"]
[Black "Jentsch, Karl"]
[Result "1/2-1/2"]
[WhiteElo "2077"]
[BlackElo "1816"]
[PlyCount "58"]
[EventDate "2004.03.16"]
[EventType "swiss"]
[EventRounds "9"]
[EventCountry "GER"]
[SourceTitle "EXT 2006"]
[Source "ChessBase"]
[SourceDate "2005.11.24"]
[SourceVersion "1"]
[SourceVersionDate "2005.11.24"]
[SourceQuality "1"]

1. e4 e6 2. d4 d5 3. Nd2 Nf6 4. e5 Nfd7 5. Bd3 c5 6. c3 Nc6 7. Ne2 f6 8. exf6 Nxf6 9. 0-0 cxd4 10. cxd4 Bd6 11. f4 0-0 12. Nf3 Qb6 13. Kh1 Bd7 14. a3 Na5 15. b4 Nc4 16. Qb3 Rac8 17. Ne5 Qc7 18. a4 a6 19. b5 axb5 20. axb5 Be7 21. h3 Nxe5 22. fxe5 Ne4 23. Rxf8+ Rxf8 24. Bxe4 dxe4 25. Nc3 Rc8 26. Nxe4 Qb6 27. Bg5 Bxg5 28. Nxg5 h6 29. Nf3 Qxb5 1/2-1/2

[Event "GER-chT Seniors 12th"]
[Site "Finsterbergen"]
[Date "2003.08.16"]
[Round "7.4"]
[White "Boettger, Reiner"]
[Black "Noack, Rolf"]
[Result "0-1"]
[WhiteElo "1975"]
[BlackElo "1546"]
[PlyCount "113"]
[EventDate "2003.08.10"]
[EventType "team"]
[EventRounds "7"]
[EventCountry "GER"]
[SourceTitle "EXT 2012"]
[Source "ChessBase"]
[SourceDate "2011.11.24"]
[SourceVersion "1"]
[SourceVersionDate "2011.11.24"]
[SourceQuality "1"]
[WhiteTeam "Niedersachsen II"]
[BlackTeam "Thueringen III"]
[WhiteTeamCountry "GER"]
[BlackTeamCountry "GER"]

1. e4 c6 2. d4 d5 3. exd5 cxd5 4. c4 Nf6 5. Nc3 Nc6 6. Bg5 e6 7. cxd5 exd5 8. Bxf6 Qxf6 9. Nxd5 Qd6 10. Bc4 Be6 11. Qe2 Nxd4 12. Qe4 Nc2+ 13. Qxc2 Bxd5 14. Bb5+ Bc6 15. Bxc6+ Qxc6 16. Qxc6+ bxc6 17. 0-0-0 Rd8 18. Re1+ Be7 19. Nf3 f6 20. Re4 Kf7 21. Nd4 Rd6 22. Nf5 Rd7 23. Rhe1 Re8 24. Kc2 g6 25. Nd4 Rc8 26. Re6 Bb4 27. Rd1 c5 28. Rc6 Rcd8 29. a3 Ba5 30. Nb3 Rxd1 31. Nxa5 R1d2+ 32. Kb3 Rb8+ 33. Kc3 Rbxb2 34. Nc4 Rbc2+ 35. Kb3 Rxf2 36. Rc7+ Ke6 37. Rxa7 h5 38. Ra6+ Kd7 39. a4 Rce2 40. a5 Rf1 41. Ka4 Re4 42. Kb5 Rb1+ 43. Kxc5 Rc1 44. Rd6+ Ke7 45. Rd4 Rxd4 46. Kxd4 Rc2 47. Kc5 Kd7 48. a6 Kc7 49. Kb5 Rxg2 50. Na5 Rb2+ 51. Kc5 Rb8 52. a7 Re8 53. Nc4 Ra8 54. Nd6 f5 55. Kd5 f4 56. Nb5+ Kb6 57. Ke4 0-1